| 000 | 00782nam a2200217 a 4500 | ||
|---|---|---|---|
| 001 | BRCA_4214 | ||
| 005 | 20190320204604.0 | ||
| 008 | 080610s1962----enka######---#000-0#eng-# | ||
| 041 | _aeng | ||
| 044 | _aenk | ||
| 050 | 4 |
_aN5208.5 _b.C38 1962 |
|
| 245 | 1 | 0 |
_aCatalogue of the Collection of Impressionist and Modern Pictures _bformed by W. Somerset Maugham over the last fifty years. |
| 260 |
_aLondres _bSotheby & Co _c1962 |
||
| 300 |
_a63 p. _bil. (algunas a color), 35 láminas _c29 cm. |
||
| 500 | _aCatálogo de subasta inventariado por Banco de México como libro | ||
| 500 | _aAM22 | ||
| 600 | 1 | 4 |
_aSomerset Maugham, William _d1874-1965 _vCatálogos _xColecciones de arte _910866 |
| 650 | 1 | 4 |
_aSubastas _xColeccionistas y colecciones _910730 |
| 902 | _aGFM | ||
| 942 |
_2lcc _cB |
||
| 999 |
_c3925 _d3925 |
||